000 00322 a2200109 4500
001 ART_5559
005 20260410161827.0
008 260409a
245 1 0 _aPor qué discrepan los economistas
100 1 _aMachlup, Fritz
773 0 _tEstudios Económicos
_g- Vol. 3, Nº 5/6 (ene./dic. 1984)
_wREV5080
999 _c22912
_d22912